DNA damage and repair: Methods and applications (Record no. 396767)

MARC details
000 -LEADER
fixed length control field 00542 a2200205 4500
005 - DATE & TIME
control field 20260407124620.0
008 - FIXED-LENGTH DATA ELEMENTS--GENERAL INFORMATION
fixed length control field 260407b |||||||| |||| 00| 0 eng d
020 ## - ISBN
International Standard Book Number 9781913229412
Price £ 85.00
040 ## - CATALOGING SOURCE
Original cataloging agency VIVEKANANDA LIBRARY
082 ## - DDC NUMBER
Classification number 616.042
Book Number J596D
100 ## - MAIN ENTRY--PERSONAL NAME
Personal name Johal, Sofia
245 ## - TITLE STATEMENT
Title DNA damage and repair: Methods and applications
260 ## - PUBLICATION, DISTRIBUTION, ETC. (IMPRINT)
Name of publisher, distributor, etc Westbury Publishing
Date of publication, distribution, etc 2020
Place of publication, distribution, etc England
300 ## - PHYSICAL DESCRIPTION
Pages viii, 262
650 ## - Subject
Subject DNA- Genomics
650 ## - Subject
Subject DNA Damage
650 ## - Subject
Subject Molecular Biology
700 ## - Added Entry Personal Name
Added Entry Personal Name Charlie, John
942 ## - ADDED ENTRY ELEMENTS (KOHA)
Koha item type Books
Holdings
Withdrawn status Lost status Source of classification or shelving scheme Damaged status Not for loan Location (home branch) Sublocation or collection (holding branch) Shelving location Date acquired Koha issues (times borrowed) Koha full call number Accession No. Koha date last seen Koha item type
    Dewey Decimal Classification     VIVEKANANDA LIBRARY VIVEKANANDA LIBRARY Vivekananda Library 19/02/2026   616.042 J596D 438530 19/02/2026 Books
© Designed and Maintained by Vivekananda Library, MDU Rohtak